UNCLE TOM'S CHILDREN (Record no. 465122)

MARC details
000 -LEADER
fixed length control field 00362nam a2200145Ia 4500
008 - FIXED-LENGTH DATA ELEMENTS--GENERAL INFORMATION
fixed length control field 100204s9999 xx 000 0 und d
082 ## - DEWEY DECIMAL CLASSIFICATION NUMBER
Item number 20647
100 ## - MAIN ENTRY--PERSONAL NAME
Personal name WRIGHT RICHARD
245 ## - TITLE STATEMENT
Title UNCLE TOM'S CHILDREN
260 ## - PUBLICATION, DISTRIBUTION, ETC. (IMPRINT)
Name of publisher, distributor, etc HARPER COLLINS PUB. IND.
Date of publication, distribution, etc 1965
300 ## - PHYSICAL DESCRIPTION
Extent 215
630 ## - SUBJECT ADDED ENTRY--UNIFORM TITLE
Uniform title UNCLE TOM'S CHILDREN
730 ## - ADDED ENTRY--UNIFORM TITLE
Uniform title UNCLE TOM'S CHILDREN
942 ## - ADDED ENTRY ELEMENTS (KOHA)
Koha item type Book
Holdings
Withdrawn status Lost status Damaged status Not for loan Home library Current library Date acquired Cost, normal purchase price Total Checkouts Full call number Barcode Date last seen Cost, replacement price Price effective from Koha item type Public note
  Missing from bundle     N. C. Kelkar Sarvajanik Library, Mulund N. C. Kelkar Sarvajanik Library, Mulund 02/04/2010 19.70   20647 NCKMULUND-20647 02/04/2010 19.70 02/04/2010 Book 1)गहाळ